La sátira política en Chile

محفوظ في:
التفاصيل البيبلوغرافية
المؤلف الرئيسي: Donoso, Ricardo (مؤلف)
التنسيق: كتاب
اللغة:الإسبانية
منشور في: Santiago Universitaria 1950
الموضوعات:
الوسوم: إضافة وسم
لا توجد وسوم, كن أول من يضع وسما على هذه التسجيلة!

MARC

LEADER 00000nam a2200000 a 4500
001 UCO1575
003 CL-VaPUC
008 000519e19500000CL |||||||||||||||||spa|d
082 0 4 |a Ch867  |b DON  |2 21 
100 0 |a Donoso, Ricardo  |e author  |9 443870 
245 1 3 |a La sátira política en Chile 
300 |a 221 p 
942 |c BK 
945 |d 20000519 00:00:00  |a crobeson 
260 |a Santiago  |b Universitaria  |c 1950 
650 7 |a SATIRA CHILENA  |2 CL-VaPUC  |9 330564 
650 7 |a SATIRA POLITICA  |2 CL-VaPUC  |9 330270 
650 0 |a Literatura chilena   |9 308278 
651 7 |a CHILE  |2 CL-VaPUC  |9 443871 
583 |a last modification  |c 20160907 03:58:12  |k Rodrigo Vera 
999 |c 288183  |d 288181 
952 |0 0  |1 0  |4 0  |6 CH_867_000000000000000_DON_1950  |7 0  |8 X  |9 335645  |a BIBHIS  |b BIBHIS  |d 2019-11-20  |i 127659K  |o Ch867 DON 1950  |p 127659K  |r 2019-11-20  |w 2019-11-20  |y BK_X  |k HIS 
952 |0 0  |1 0  |4 0  |6 CH_867_000000000000000_DON_1950  |7 0  |8 X  |9 335646  |a BIBHIS  |b BIBHIS  |d 2019-11-20  |i 1276603  |o Ch867 DON 1950  |p 1276603  |r 2024-01-30  |w 2019-11-20  |y BK_X  |k HIS 
952 |0 0  |1 0  |4 0  |6 CH_867_000000000000000_DON_1950  |7 0  |8 X  |9 335647  |a FDOBUD  |b FDOBUD  |d 2019-11-20  |i 4635132  |o Ch867 DON 1950  |p 4635132  |r 2019-11-20  |w 2019-11-20  |y BK_X  |k BUD